[Event "BUL-ch"]
[Site "Sofia"]
[Date "1984.??.??"]
[Round "?"]
[White "Danailov, Silvio"]
[Black "Spassov, Liuben"]
[Result "1/2-1/2"]
[WhiteElo "2420"]
[BlackElo "2460"]

1.d4 Nf6 2.c4 e6 3.g3 Bb4+ 4.Nd2 d5 5.Bg2 O-O 6.Qc2 b6 7.Nf3 Bb7 8.a3 Be7
9.cxd5 exd5 10.Ne5 c5 11.dxc5 bxc5 12.O-O Nbd7 13.Ndf3 d4 14.Nxd7 Qxd7 15.Ne5 Qc8
16.Bxb7 Qxb7 17.Bg5 Nd5 18.Bxe7  1/2-1/2

[Event "Thessaloniki ol (Women)"]
[Site "Thessaloniki"]
[Date "1984.??.??"]
[Round "11"]
[White "Condie, Alison"]
[Black "Pihlajamaki, P."]
[Result "1/2-1/2"]
[WhiteElo "1955"]
[BlackElo "1905"]

1.d4 Nf6 2.c4 e6 3.g3 Bb4+ 4.Bd2 Qe7 5.Bg2 a5 6.Nf3 Ne4 7.O-O Nxd2 8.Nbxd2 d5
9.a3 Bxd2 10.Qxd2 O-O 11.Rac1 c6 12.cxd5 exd5 13.Ne5 f6 14.Nd3 Bf5 15.Nc5 Re8
16.e3 Ra7 17.Qc3 b6 18.Na4 Rb7 19.b4 axb4 20.axb4 Qd7 21.Qb3 Bh3 22.Bxh3 Qxh3
23.b5 Qe6 24.Rc3 cxb5 25.Qxb5 Qd7 26.Rb1 Re6 27.Qxd7 Nxd7 28.Rcb3 Kf7 29.Nc5 Nxc5
30.dxc5 b5 31.Rxb5 Rc7 32.Rb7 Rc6 33.Rxc7+ Rxc7 34.Rb5 Ke6 35.Kf1 g5 36.Ke2 g4
37.f4 gxf3+ 38.Kxf3 Kf5 39.c6 Rxc6 40.Rxd5+ Kg6 41.g4 Rc7 42.Kf4 h6 43.h4 Re7
44.h5+ Kg7 45.Rd6 Kf7 46.e4 Kg7 47.Kf5 Re5+ 48.Kf4 Re7 49.Rd5 Kf7 50.Kf5 Kg7
51.Kf4 Kf7 52.Ke3 Kg7 53.Kd4 Kf7 54.e5 fxe5+ 55.Ke4  1/2-1/2

[Event "URS Cup"]
[Site "URS"]
[Date "1984.??.??"]
[Round "?"]
[White "Kengis, Edvins"]
[Black "Makarichev, Sergey"]
[Result "1/2-1/2"]
[WhiteElo "2445"]
[BlackElo "2495"]

1.d4 Nf6 2.c4 e6 3.g3 Bb4+ 4.Bd2 a5 5.Bg2 O-O 6.Nf3 b6 7.O-O Ba6 8.Ne5 Ra7
9.Bxb4 axb4 10.a3 d6 11.axb4 dxe5 12.dxe5 Ng4 13.Qxd8 Rxd8 14.b5 Nxe5 15.b3 Kf8
16.Nc3 Rd2 17.bxa6 Rxa6 18.Rad1 Rxd1 19.Rxd1 Ke7 20.Nb5 Ra2 21.f4 Ned7 22.Bf3 Na6
23.Rb1 Ndc5 24.Kf1 Nd7 25.Kf2 Ndc5 26.Kf1 Nd7 27.Kf2 Ndc5  1/2-1/2

[Event "Zuerich op"]
[Site "Zuerich"]
[Date "1984.??.??"]
[Round "1"]
[White "Sosonko, Gennadi"]
[Black "Wirthensohn, Heinz"]
[Result "1/2-1/2"]
[WhiteElo "2565"]
[BlackElo "2405"]

1.d4 Nf6 2.c4 e6 3.g3 Bb4+ 4.Bd2 Be7 5.Bg2 d5 6.Nf3 O-O 7.O-O Nbd7 8.Qc2 c6
9.Bg5 b6 10.cxd5 cxd5 11.Rc1 Bb7 12.Nbd2 Rc8 13.Qd1 Bd6 14.Rxc8 Qxc8 15.Rc1 Qb8
16.e3 Rc8 17.Bf4 Rxc1 18.Qxc1 g6 19.a3 Nh5 20.Bxd6 Qxd6 21.g4 Nhf6 22.g5 Ne8
23.Qc3 a5 24.Ne5 Nxe5 25.dxe5 Qc7 26.Qxc7 Nxc7 27.Nb3 h6 28.h4 hxg5 29.hxg5 Kf8
30.f4 Ke7 31.Kf2 Ba6 32.Nd4 Kd7 33.Ke1 Nb5 34.Nxb5 Bxb5 35.Kd2  1/2-1/2

[Event "OHRA-B"]
[Site "Amsterdam"]
[Date "1985.??.??"]
[Round "5"]
[White "Vanheste, Jeroen"]
[Black "Enklaar, Bertus F"]
[Result "0-1"]
[WhiteElo "2360"]
[BlackElo "2395"]

1.d4 Nf6 2.c4 e6 3.g3 Bb4+ 4.Bd2 Be7 5.Bg2 d5 6.Nf3 O-O 7.O-O c6 8.Qc2 Nbd7
9.Bf4 b6 10.Nbd2 Nh5 11.cxd5 Nxf4 12.dxc6 Nxe2+ 13.Kh1 Qc7 14.Qe4 Nxg3+ 15.fxg3 Nf6
16.Qd3 a5 17.Rfe1 Ba6 18.Qb3 Rad8 19.Rac1 Bb4 20.Qe3 Ng4 21.Qg1 e5 22.h3 e4
23.Rxe4 f5 24.Ree1 Rf6 25.a3 Bxd2 26.Nxd2 Rh6 27.Nf1 f4 28.Re4 Rf8 29.gxf4 Bd3
30.Re3 Rxf4 31.Bd5+ Kf8 32.Rce1 Nxe3 33.Qxe3 Rxf1+ 34.Rxf1+ Bxf1 35.Qf3+ Rf6
36.Qh5 Bd3  0-1

[Event "Frunze"]
[Site "Frunze"]
[Date "1985.??.??"]
[Round "6"]
[White "Agzamov, Georgy"]
[Black "Makarichev, Sergey"]
[Result "1/2-1/2"]
[WhiteElo "2590"]
[BlackElo "2495"]

1.d4 Nf6 2.c4 e6 3.g3 Bb4+ 4.Bd2 a5 5.Bg2 O-O 6.Nf3 b6 7.O-O Ba6 8.Qc2 d5
9.b3 c6 10.Bg5 Be7 11.Nbd2 Nbd7 12.e4 Nxe4 13.Bxe7 Qxe7 14.Nxe4 dxe4 15.Qxe4 Rac8
16.Rfe1 Bb7 17.Rac1 Rfd8 18.Qe3 c5 19.d5 Nf6 20.Ng5 Re8 21.Rcd1 h6 22.d6 Qd7
23.Bxb7 Qxb7 24.d7 Nxd7 25.Ne4 Ne5 26.f4 Nc6 27.Nd6 Qc7 28.Nxc8 Qxc8 29.f5 Nd4
30.fxe6 Rxe6 31.Qd3 Rd6 32.Qe4 Qh3 33.Kh1 Rf6 34.Qa8+ Kh7 35.Qg2 Qg4 36.Rf1 Re6
37.Rd2 f5 38.Rdf2 Qg5 39.Qd5 Qe7 40.Qg2 Re4 41.Rf4 Re2 42.R4f2 Re4  1/2-1/2

[Event "Jurmala"]
[Site "Jurmala"]
[Date "1985.??.??"]
[Round "3"]
[White "Yap, Andronico"]
[Black "Gipslis, Aivars"]
[Result "0-1"]
[WhiteElo "2400"]
[BlackElo "2490"]

1.d4 Nf6 2.c4 e6 3.g3 Bb4+ 4.Nd2 d5 5.Nf3 O-O 6.Qc2 c5 7.dxc5 Bxc5 8.Bg2 Nc6
9.O-O Be7 10.a3 Bd7 11.cxd5 Nxd5 12.e4 Nb6 13.e5 Na5 14.b4 Ba4 15.Qb1 Nc6
16.Bb2 Bb5 17.Rd1 Be2 18.Re1 Bd3 19.Qa2 a5 20.b5 Bxb5 21.Rad1 Ba4 22.Rc1 Rc8
23.Ne4 Na7 24.h4 h6 25.Bd4 Rxc1 26.Rxc1 Bc6 27.Qb1 Nac8 28.Rd1 Nd5 29.Qd3 a4
30.Nfd2 Nc7 31.Qe3 Nb5 32.Bb2 Nb6 33.Bf1 Nd5 34.Qf3 f5 35.exf6 Bxf6 36.Nxf6+ Nxf6
37.Qe2 Qd5 38.f3 Nd4 39.Bxd4 Qxd4+ 40.Kg2 Rd8 41.Qxe6+ Kh8 42.Be2 Ng4 43.Nc4 Qf2+
44.Kh3 Re8 45.Qxg4 Qxe2 46.Nd6 Qxd1 47.Nf7+ Kg8 48.Nxh6+ Kh7 49.Qf5+ Kxh6
50.g4  0-1

[Event "URS-chI"]
[Site "Minsk"]
[Date "1985.??.??"]
[Round "16"]
[White "Gorelov, Sergey G"]
[Black "Balashov, Yuri S"]
[Result "1/2-1/2"]
[WhiteElo "2425"]
[BlackElo "2495"]

1.d4 Nf6 2.c4 e6 3.g3 Bb4+ 4.Bd2 Qe7 5.Nf3 Nc6 6.Nc3 Bxc3 7.Bxc3 Ne4 8.Qc2 Nxc3
9.Qxc3 Qb4 10.Rc1 Qxc3+ 11.Rxc3 d6 12.Bg2 a5 13.O-O Ne7 14.e3 b6 15.Ne5 Rb8
16.Nc6 Nxc6 17.Bxc6+ Bd7 18.Bxd7+ Kxd7  1/2-1/2

[Event "Moscow"]
[Site "Moscow"]
[Date "1985.??.??"]
[Round "?"]
[White "Romanishin, Oleg M"]
[Black "Polugaevsky, Lev"]
[Result "1/2-1/2"]
[WhiteElo "2570"]
[BlackElo "2625"]

1.d4 Nf6 2.c4 e6 3.g3 Bb4+ 4.Bd2 Be7 5.Bg2 d5 6.Nf3 O-O 7.O-O c6 8.Qb3 b6
9.Bf4 Bb7 10.Nc3 Nbd7 11.Rfd1 c5 12.dxc5 Nxc5 13.Qc2 Qc8 14.Nb5 a6 15.Nd6 Bxd6
16.Bxd6 Rd8 17.Be7 Rd7 18.Bxf6 gxf6 19.Rac1 dxc4 20.Qxc4 Ne4 21.Qb3 Rxd1+
22.Qxd1 Qd8 23.Nd2 f5 24.Nc4  1/2-1/2

[Event "Nordic-chT"]
[Site "Pohja"]
[Date "1985.??.??"]
[Round "?"]
[White "Gruen, Peter"]
[Black "Rantanen, Yrjo A"]
[Result "1-0"]
[WhiteElo "2410"]
[BlackElo "2420"]

1.d4 Nf6 2.c4 e6 3.g3 Bb4+ 4.Bd2 a5 5.Nf3 d5 6.Qc2 Nc6 7.a3 Bd6 8.Bg2 O-O
9.O-O Re8 10.Rd1 a4 11.Bg5 h6 12.Bxf6 Qxf6 13.Nc3 dxc4 14.e4 Bf8 15.Nb5 Qd8
16.Qxc4 Bd7 17.Rac1 Qb8 18.Bf1 Rc8 19.d5 exd5 20.exd5 Na7 21.Nxa7 Qxa7 22.Ne5 Be8
23.Bh3 b5 24.Qf4 g5 25.Qf5 Bg7 26.Ng4 Qb6 27.d6 Rd8 28.d7 Bxb2 29.dxe8=Q+ Rxe8
30.Rd7 Qe6 31.Rcxc7 Ra6 32.Nxh6+ Kh8 33.Nxf7+  1-0

[Event "Tatran Cup"]
[Site "Stary Smokovec"]
[Date "1985.??.??"]
[Round "?"]
[White "Tibensky, Robert"]
[Black "Stohl, Igor"]
[Result "1/2-1/2"]
[WhiteElo "2380"]
[BlackElo "2445"]

1.d4 Nf6 2.c4 e6 3.g3 Bb4+ 4.Bd2 Be7 5.Bg2 d5 6.Nf3 O-O 7.Nc3 dxc4 8.Qa4 a6
9.Qxc4 b5 10.Qb3 Bb7 11.O-O Nbd7 12.Rad1 c5 13.Bf4 c4 14.Qc2 b4 15.Nb1 Rc8
16.Ne5 Bxg2 17.Kxg2 Qb6 18.Rc1 Nxe5 19.Bxe5 Nd7 20.Rfd1 Rfd8 21.Bf4 Qb7+
22.f3 Nb6 23.e4 Rd7 24.Qe2 Bf6  1/2-1/2

[Event "Trencianske Teplice"]
[Site "Trencianske Teplice"]
[Date "1985.??.??"]
[Round "5"]
[White "Stohl, Igor"]
[Black "Mokry, Karel"]
[Result "1/2-1/2"]
[WhiteElo "2445"]
[BlackElo "2455"]

1.d4 Nf6 2.c4 e6 3.g3 Bb4+ 4.Bd2 c5 5.Bg2 Qb6 6.d5 Bxd2+ 7.Qxd2 d6 8.Nc3 e5
9.e4 O-O 10.Nge2 Ne8 11.O-O Qd8 12.f4 f6 13.Nc1 Bd7 14.Nd3  1/2-1/2

[Event "Dubai ol (Men)"]
[Site "Dubai"]
[Date "1986.??.??"]
[Round "14"]
[White "Moran, Bernardo"]
[Black "Liao, Yuan Eu"]
[Result "0-1"]
[WhiteElo "2420"]
[BlackElo "2390"]

1.d4 Nf6 2.c4 e6 3.g3 Bb4+ 4.Nc3 d5 5.Bg2 O-O 6.Nf3 dxc4 7.O-O Nc6 8.e3 Rb8
9.a4 b6 10.Qe2 Na5 11.Ne5 Nd5 12.Na2 Bd6 13.Bd2 Bb7 14.e4 Ne7 15.Rad1 Bxe5
16.dxe5 Qd3 17.Qxd3 cxd3 18.Nb4 Nac6 19.f4 Rfd8 20.Na2 Nd4 21.Rf2 c5 22.Nc1 Nc2
23.b3 Nc6 24.Bc3 Ba6 25.Rdd2 c4 26.bxc4 Bxc4 27.Bf1 N2b4 28.Rf3 Rd7 29.Kf2 Rbd8
30.Ke3 a5 31.Rff2 Nd4 32.Bxb4 axb4 33.Bxd3 Nb3  0-1

[Event "Wch U20"]
[Site "Gausdal"]
[Date "1986.??.??"]
[Round "7"]
[White "Horvath, Csaba"]
[Black "Hellers, Ferdinand"]
[Result "1/2-1/2"]
[WhiteElo "2360"]
[BlackElo "2440"]

1.d4 Nf6 2.c4 e6 3.g3 Bb4+ 4.Bd2 Be7 5.Bg2 d5 6.Nf3 O-O 7.O-O c6 8.Qb3 b6
9.Nc3 Ba6 10.cxd5 cxd5 11.Ne5 Bb7 12.Rfc1 Nbd7 13.Nd3 Nb8 14.Ne5 Nbd7 15.Nd3 Nb8  1/2-1/2

[Event "ISR-ch"]
[Site "?"]
[Date "1986.??.??"]
[Round "?"]
[White "Birnboim, Nathan"]
[Black "Kraidman, Yair"]
[Result "1/2-1/2"]
[WhiteElo "2430"]
[BlackElo "2445"]

1.d4 Nf6 2.c4 e6 3.g3 Bb4+ 4.Nc3 O-O 5.Bg2 d5 6.Qb3 Nc6 7.Nf3 a5 8.a3 a4
9.Qa2 Bxc3+ 10.bxc3 Na5 11.Nd2 dxc4 12.Nxc4 Nb3 13.Rb1 Nd5 14.Qc2 b5 15.Nd2 Nxd2
16.Bxd2 Ba6 17.Be4 h6 18.Bh7+ Kh8 19.Bd3 Rb8 20.O-O Qd7 21.e4 Ne7 22.Be3 Rfd8
23.Rfd1 Kg8 24.Qe2 f5 25.f3 Rf8 26.Rb2 c6 27.Bb1 Rbe8 28.Ba2 Kh8 29.Bf4 Ng6
30.Bc1 f4 31.e5 fxg3 32.hxg3 Qf7 33.Bb1 Ne7 34.Be4 Bb7 35.Qd3 Rb8 36.Rh2 c5
37.Bxb7 Rxb7 38.Rf1 Qg6 39.Qxg6 Nxg6 40.Rb2 cxd4 41.cxd4 Ne7 42.Be3 Rc8 43.Rc1 Rxc1+
44.Bxc1 Nf5 45.Rc2 Nxd4 46.Rc8+ Kh7 47.Kf2 Rb6 48.Rd8 Rc6 49.Bd2 Rc4 50.Rd6 Nf5
51.Rb6 Rc2 52.Ke2 Ra2 53.g4 Nd4+ 54.Ke3 Nxf3 55.Kxf3 Rxd2 56.Rxb5 Rd3+ 57.Kf2 Kg6
58.Rb6 Kg5 59.Rxe6 Rxa3 60.Ra6 Kf4 61.e6 Ra2+ 62.Ke1 Kf3 63.Kd1 Re2 64.Ra7 Rxe6
65.Rxg7 Ra6 66.Kc2 a3 67.Kb1 a2+ 68.Ka1 Kg3 69.Rg8 Kf4 70.Rg7 Ke5 71.g5  1/2-1/2

[Event "ISR-ch"]
[Site "?"]
[Date "1986.??.??"]
[Round "?"]
[White "Birnboim, Nathan"]
[Black "Grinberg, Nir"]
[Result "1-0"]
[WhiteElo "2430"]
[BlackElo "2415"]

1.d4 Nf6 2.c4 e6 3.g3 Bb4+ 4.Bd2 Qe7 5.Bg2 O-O 6.Nf3 Bxd2+ 7.Qxd2 d6 8.O-O e5
9.Nc3 c6 10.c5 Nbd7 11.cxd6 Qxd6 12.Rfd1 exd4 13.Nxd4 Nb6 14.Nxc6 Qe6 15.Nd4 Qg4
16.h3 Qh5 17.g4 Qe5 18.f4 Qe7 19.e4 g6 20.e5 Ne8 21.Re1 f5 22.e6 Ng7 23.Nd5 Qd6
24.Nxf5 Nxf5 25.gxf5 Nxd5 26.Qxd5  1-0

[Event "Jerusalem"]
[Site "Jerusalem"]
[Date "1986.??.??"]
[Round "?"]
[White "Birnboim, Nathan"]
[Black "Kortschnoj, Viktor"]
[Result "1-0"]
[WhiteElo "2445"]
[BlackElo "2650"]

1.d4 Nf6 2.c4 e6 3.g3 Bb4+ 4.Nd2 d5 5.Bg2 Nc6 6.Nf3 dxc4 7.Qc2 Bxd2+ 8.Bxd2 Nxd4
9.Nxd4 Qxd4 10.Be3 Qg4 11.h3 Qg6 12.Qxc4 Nd5 13.Bc5 Bd7 14.O-O a6 15.a4 a5
16.e4 Nb6 17.Qd4 Bc6 18.Rfd1 h5 19.b4 axb4 20.a5 Nd7 21.e5 Bd5 22.Bxb4 h4
23.g4 c6 24.Bxd5 exd5 25.f4 Qe4 26.Qxe4 dxe4 27.Bd6 g6 28.Rdb1 Ra7 29.Kf2 g5
30.f5 Kd8 31.Ke3 Re8 32.Kd4 Kc8 33.Re1 Ra6 34.Rxe4 b6 35.e6 fxe6 36.Rxe6 Rd8
37.f6 Nc5 38.Ke5 Nxe6 39.Kxe6 bxa5 40.Rb1 Rxd6+ 41.Kxd6 c5+ 42.Ke7 Ra7+ 43.Ke8 Kc7
44.f7 Ra8+ 45.Ke7 Kc6 46.f8=Q Rxf8 47.Kxf8 c4 48.Ke7 Kc5 49.Kf6 c3 50.Kxg5 Kc4
51.Kxh4 c2 52.Rh1  1-0

[Event "Jerusalem"]
[Site "Jerusalem"]
[Date "1986.??.??"]
[Round "?"]
[White "Sosonko, Gennadi"]
[Black "Kortschnoj, Viktor"]
[Result "1/2-1/2"]
[WhiteElo "2530"]
[BlackElo "2650"]

1.d4 Nf6 2.c4 e6 3.g3 Bb4+ 4.Bd2 Be7 5.Bg2 d5 6.Nf3 O-O 7.O-O c6 8.Qb3 Nbd7
9.Nc3 Nb6 10.c5 Nc4 11.Qc2 b6 12.b4 bxc5 13.bxc5 Nxd2 14.Qxd2  1/2-1/2

[Event "Lisboa"]
[Site "Lisboa"]
[Date "1986.??.??"]
[Round "?"]
[White "Santos, Jose P"]
[Black "De Boer, Gert Jan"]
[Result "0-1"]
[WhiteElo "2345"]
[BlackElo "2430"]

1.d4 Nf6 2.c4 e6 3.g3 Bb4+ 4.Nd2 c5 5.dxc5 Bxc5 6.Bg2 Qb6 7.Nh3 Nc6 8.O-O O-O
9.Nf4 Be7 10.b3 d6 11.Bb2 Bd7 12.Ne4 Nxe4 13.Bxe4 Rad8 14.Nh5 e5 15.g4 Bxg4
16.Ng3 Bh3 17.Re1 f5 18.Bd5+ Kh8 19.e3 Rf6 20.Kh1 Rg6 21.Rg1 Rf8 22.Qd2 Bh4
23.f4 e4 24.Rae1 Bg4 25.Kg2 Bf3+ 26.Kf2 a5 27.Bc3 Nb4 28.Bxb4 axb4 29.Rc1 Rh6
30.Rc2 Bxg3+ 31.Kxg3 Qd8  0-1

[Event "Moscow"]
[Site "Moscow"]
[Date "1986.??.??"]
[Round "?"]
[White "Razuvaev, Yuri S"]
[Black "Eingorn, Vereslav S"]
[Result "1-0"]
[WhiteElo "2525"]
[BlackElo "2560"]

1.d4 e6 2.c4 Nf6 3.g3 Bb4+ 4.Bd2 Be7 5.Bg2 d5 6.Nf3 O-O 7.O-O c6 8.Qc2 b6
9.b3 Nbd7 10.Bc3 Ba6 11.Nbd2 b5 12.c5 b4 13.Bxb4 Bxe2 14.Rfe1 Bxf3 15.Bxf3 Ne8
16.Bc3 a5 17.Bg4 Nc7 18.Nf3 Ra7 19.h4 Qa8 20.Ng5 Nf6 21.Be2 Rb8 22.Bd3 g6
23.Bd2 Bf8 24.Nf3 Bg7 25.Kg2 Qb7 26.Bf4 Rc8 27.Be5 Nce8 28.Bf4 Nc7 29.Rab1 Nb5
30.Qd2 Nd7 31.Bxb5 Qxb5 32.h5 Qb4 33.Qe3 Nf6 34.hxg6 hxg6 35.Be5 Ng4 36.Qf4 Nxe5
37.Nxe5 Qb7 38.Re3 Qe7 39.Rh1 Qf6 40.Qg4 Qf5 41.Qe2 Qg5 42.f4 Qd8 43.g4 Rb7
44.a3 Rcc7 45.Reh3 Qb8 46.Qc2 Rc8 47.Nxg6 Bxd4 48.Ne7+  1-0

[Event "Quebec int"]
[Site "Quebec"]
[Date "1986.??.??"]
[Round "8"]
[White "Pelts, Roman"]
[Black "Lein, Anatoly"]
[Result "1/2-1/2"]
[WhiteElo "2440"]
[BlackElo "2535"]

1.d4 Nf6 2.c4 e6 3.g3 Bb4+ 4.Nd2 d5 5.Bg2 O-O 6.Nf3 b6 7.O-O Bb7 8.Qc2 Be7
9.cxd5 exd5 10.Ne5 c5 11.dxc5 bxc5 12.Nb3 Na6 13.Bd2 Rb8 14.Na5 Qb6 15.Nxb7 Rxb7
16.b3 Re8 17.Nd3 Bf8 18.e3 Rd7 19.Rac1 Ne4 20.Rfd1 f5 21.Be1 g5 22.f3 Nf6
23.Nf2 Qe6 24.Bf1 Nc7 25.Bd3 Qxe3 26.Bxf5 Qxf3 27.Bxd7 Nxd7 28.Qd3 Re3 29.Qf1 Ne5
30.Bd2 d4 31.Re1 Qd5 32.Rxe3 dxe3 33.Bxe3 Nf3+  1/2-1/2

[Event "BCF-ch"]
[Site "Southampton"]
[Date "1986.??.??"]
[Round "6"]
[White "Flear, Glenn C"]
[Black "King, Daniel J"]
[Result "1/2-1/2"]
[WhiteElo "2505"]
[BlackElo "2460"]

1.d4 Nf6 2.c4 e6 3.g3 Bb4+ 4.Bd2 a5 5.Bg2 O-O 6.Nf3 b6 7.Ne5 Ra7 8.Nd3 c5
9.Nc3 Bb7 10.Bxb7 Rxb7 11.dxc5 bxc5 12.O-O d6 13.Rc1 Nc6 14.f3 Bxc3 15.Bxc3 e5
16.Qd2 Qd7 17.Rcd1 Qe6 18.Nf2 Rd7 19.Qd3 Nb4 20.Bxb4 axb4 21.Ne4 Ra8 22.Nxf6+ Qxf6
23.a3 bxa3 24.bxa3 g6 25.Rb1 Ra6 26.Rb8+ Kg7 27.Rfb1 Rda7 28.R1b3 Qe7 29.Kf2 h5
30.h4 Qe6 31.Kg2 Ra4 32.Rd8 Qxc4 33.Qxc4 Rxc4 34.Rxd6 e4 35.Rc6 exf3+ 36.Kxf3 Rc1
37.Kf2 Rc2 38.Re3 c4 39.Kg2  1/2-1/2

[Event "BCF-ch"]
[Site "Southampton"]
[Date "1986.??.??"]
[Round "8"]
[White "Townsend, M Paul"]
[Black "Emms, John M"]
[Result "1-0"]
[WhiteElo "2220"]
[BlackElo "2305"]

1.d4 Nf6 2.c4 e6 3.g3 Bb4+ 4.Bd2 Qe7 5.Bg2 O-O 6.Nf3 Bxd2+ 7.Qxd2 d6 8.O-O Nc6
9.Nc3 a6 10.e4 e5 11.d5 Na5 12.b3 b5 13.Rfe1 Bd7 14.Bf1 Rfb8 15.cxb5 axb5
16.Rac1 b4 17.Nd1 Nb7 18.Rxc7 Nc5 19.Rxc5 dxc5 20.d6 Qe8 21.Qc2 Bb5 22.Bxb5 Rxb5
23.Ne3 Rd8 24.Nf5 h6 25.N3h4 Qf8 26.f4 g6 27.fxe5 gxf5 28.exf6 Rxd6 29.Qe2 c4
30.e5 Re6 31.Nxf5 Rbxe5 32.Qg4+ Kh7 33.Rxe5 Rxe5 34.bxc4 Re6 35.Qd4 Qh8 36.Ng7 Ra6
37.Qe4+ Kg8 38.Qe8+ Kh7 39.Qxf7 Qg8 40.Qe7 Kg6 41.Qe4+ Kf7 42.Qb7+ Kxf6 43.Nh5+ Kg5
44.Qb5+ Kg4 45.h3+ Kxh3 46.Qf5+ Qg4 47.Qf1+  1-0

[Event "Szirak"]
[Site "Szirak"]
[Date "1986.??.??"]
[Round "?"]
[White "Flear, Glenn C"]
[Black "Csom, Istvan"]
[Result "1/2-1/2"]
[WhiteElo "2505"]
[BlackElo "2505"]

1.d4 Nf6 2.c4 e6 3.g3 Bb4+ 4.Bd2 Be7 5.Bg2 d5 6.Nf3 c6 7.Qb3 b6 8.Nc3 O-O
9.O-O Ba6 10.cxd5 cxd5 11.Rfc1 Nc6 12.Nb5 Bb7 13.Bf4 Ne8 14.a4 g5 15.Bd2 a6
16.Na3 Nd6 17.Qd3 Ne4 18.Be1 f5 19.Nc2 Rc8 20.b4 g4 21.Ne5 Bg5 22.e3 Ne7
23.Bd2 Bf6 24.f4 gxf3 25.Nxf3 Ng6 26.Nce1 Qd6 27.Qe2 h5 28.Nd3 Rxc1+ 29.Rxc1 Rf7
30.a5 bxa5 31.bxa5 Bc6 32.Bb4 Qd7 33.Nfe5 Nxe5 34.Nxe5 Bxe5 35.dxe5 Qb7 36.Bd6 Rh7
37.Qc2 Bb5 38.Bf3 h4 39.Qc8+ Qxc8 40.Rxc8+ Kg7 41.Rc7+ Kg6 42.Rxh7 Kxh7 43.gxh4 Nd2
44.Kf2 Nxf3 45.Kxf3 Kg6 46.Be7 Bc4 47.Kf2  1/2-1/2

[Event "URS-ch U20"]
[Site "Tallinn"]
[Date "1986.??.??"]
[Round "?"]
[White "Kuporosov, Viktor"]
[Black "Rozentalis, Eduardas"]
[Result "1/2-1/2"]
[WhiteElo "2445"]
[BlackElo "2465"]

1.d4 Nf6 2.c4 e6 3.g3 Bb4+ 4.Bd2 Qe7 5.Bg2 Bxd2+ 6.Qxd2 d6 7.Nc3 O-O 8.Nf3 e5
9.O-O Bg4 10.Rad1 Nbd7 11.Nh4 Nb6 12.b3 Rad8 13.h3 Bc8 14.e4 Nh5 15.Qe3 g6
16.dxe5 dxe5 17.c5 Nd7 18.b4 c6 19.Rd6 Ng7 20.Rfd1 Ne6 21.Nf3 Rfe8 22.Bf1 f6
23.Bc4 Nf8 24.R1d3 Kg7 25.Qd2 Rd7 26.Nd1 Red8 27.Ne3 Kh8 28.Ng4 Rxd6 29.cxd6 Qg7  1/2-1/2

[Event "Aarhus-B"]
[Site "Aarhus"]
[Date "1987.??.??"]
[Round "3"]
[White "Sorensen, Bent"]
[Black "Nielsen, NJ."]
[Result "1/2-1/2"]
[WhiteElo "2315"]
[BlackElo "2245"]

1.d4 Nf6 2.c4 e6 3.g3 Bb4+ 4.Bd2 Qe7 5.Bg2 Bxd2+ 6.Qxd2 d6 7.Nc3 O-O 8.Nf3 Nbd7
9.O-O e5 10.Rad1 h6 11.dxe5 dxe5 12.Nd5 Nxd5 13.cxd5 Nf6 14.d6 cxd6 15.Qxd6 Qxd6
16.Rxd6 Re8 17.h3 Bd7 18.Nd2 Rac8 19.Ne4 Be6 20.Nxf6+ gxf6 21.Rfd1 Rc2 22.R1d2 Rxd2
23.Rxd2 b6 24.a3  1/2-1/2

[Event "Wch U20"]
[Site "Baguio"]
[Date "1987.??.??"]
[Round "?"]
[White "Agdestein, Simen"]
[Black "Hellers, Ferdinand"]
[Result "1-0"]
[WhiteElo "2565"]
[BlackElo "2490"]

1.d4 Nf6 2.c4 e6 3.g3 Bb4+ 4.Nc3 O-O 5.Bg2 c5 6.dxc5 Na6 7.Bd2 Nxc5 8.Qc2 d5
9.cxd5 exd5 10.a3 Bxc3 11.Bxc3 Nfe4 12.Bd4 Bf5 13.f3 Ne6 14.fxe4 Nxd4 15.Qa4 dxe4
16.Rd1 Qg5 17.Rxd4 Rac8 18.Bxe4 b5 19.Qxb5 Rc1+ 20.Kf2 Qf6 21.Qxf5 Qxd4+
22.e3 Qxb2+ 23.Ne2 g6 24.Qa5 Rc4 25.Rb1 Qf6+ 26.Bf3 Re8 27.Qxa7 Rc3 28.Nxc3  1-0

[Event "Budel zt"]
[Site "Budel"]
[Date "1987.??.??"]
[Round "?"]
[White "Scheeren, Peter"]
[Black "Wians, Camille"]
[Result "1-0"]
[WhiteElo "2445"]
[BlackElo "2200"]

1.d4 Nf6 2.c4 e6 3.g3 Bb4+ 4.Bd2 a5 5.Bg2 d5 6.Qc2 Ra6 7.Nf3 dxc4 8.O-O Nc6
9.Qxc4 O-O 10.Bf4 Nd5 11.Nc3 Bxc3 12.bxc3 Nxf4 13.gxf4 Ne7 14.e3 Nf5 15.Rab1 Nh4
16.Nxh4 Qxh4 17.Qxc7 e5 18.Qxe5 Rg6 19.f5 Rg5 20.Qf4 Rg4 21.Qf3 g6 22.e4 gxf5
23.exf5 Kh8 24.Kh1 Rfg8 25.Bh3 Rf4 26.Qd3 b5 27.Rg1 Bb7+ 28.d5 Qxf2 29.Rxg8+ Kxg8
30.Rg1+ Kf8 31.Qxb5 Rh4 32.Qxb7 Rxh3 33.Qc8+  1-0

[Event "Espoo"]
[Site "Espoo"]
[Date "1987.??.??"]
[Round "7"]
[White "Nikolic, Nebojsa"]
[Black "Lukacs, Peter"]
[Result "0-1"]
[WhiteElo "2340"]
[BlackElo "2500"]

1.d4 Nf6 2.c4 e6 3.g3 Bb4+ 4.Bd2 Be7 5.Bg2 d5 6.Nf3 O-O 7.O-O Nbd7 8.Qb3 c6
9.Nc3 Nb6 10.cxd5 exd5 11.Ne5 Bf5 12.Rad1 Re8 13.Rfe1 a5 14.Rc1 a4 15.Qd1 Bd6
16.Bf4 h6 17.b3 Ba3 18.b4 Qe7 19.Nd3 Bxc1 20.Bxc1 Bxd3 21.Qxd3 Qxb4  0-1

[Event "Espoo"]
[Site "Espoo"]
[Date "1987.??.??"]
[Round "8"]
[White "Kekki, Jorma"]
[Black "Raaste, Eero J"]
[Result "1/2-1/2"]
[WhiteElo "2315"]
[BlackElo "2370"]

1.d4 Nf6 2.c4 e6 3.g3 Bb4+ 4.Bd2 c5 5.Bxb4 cxb4 6.Bg2 O-O 7.Nf3 d6 8.O-O a5
9.Nbd2 Re8 10.Qc2 Na6 11.Ne4 Nxe4 12.Qxe4 Rb8 13.Rac1 Qe7 14.Qe3 b6 15.Rc2 e5
16.dxe5 dxe5 17.Rd1 Bb7 18.Ng5 e4 19.Rcd2 Nc5 20.Nh3 Rbd8 21.Nf4 Rxd2 22.Qxd2 h6
23.b3 e3 24.Qxe3 Qxe3 25.fxe3 Bxg2 26.Kxg2 Rxe3 27.Rd2 g5 28.Nd5 Re6 29.Nc7 Rc6
30.Rd8+ Kg7 31.Nd5 Ne4 32.Kf3 Re6 33.g4 Nd2+ 34.Kf2 Nb1 35.Rd7 Rc6 36.Ke1 a4
37.Nxb4 Rc5 38.Nd3 Rc8 39.bxa4 Nc3 40.Kd2 Nxa4 41.Ne5 Kf6 42.Nxf7 Rxc4 43.Nxh6 Ke6
44.Ra7 Nc5 45.h3 Rb4 46.Nf7 Kf6 47.Nh6 Rd4+ 48.Ke1 Rb4 49.Nf5 Ne4 50.Kf1 Rb1+
51.Kg2 Rb2 52.Kf3 Nd2+ 53.Kf2 Ne4+ 54.Kf3 Nc3 55.e4 Nxa2 56.h4 gxh4 57.Nxh4 Nc3
58.Ra3 Nxe4 59.Kxe4 Kg5 60.Nf5 Rb4+ 61.Ke5 Rb5+ 62.Ke4 Rb4+ 63.Nd4 Kxg4 64.Ra8 Kg5  1/2-1/2

[Event "USA-ch (Women)"]
[Site "Estes Park"]
[Date "1987.??.??"]
[Round "3"]
[White "Burtman, Sharon"]
[Black "Akhsharumova, Anna M"]
[Result "0-1"]
[WhiteElo "2000"]
[BlackElo "2290"]

1.d4 Nf6 2.c4 e6 3.g3 Bb4+ 4.Bd2 c5 5.Bg2 O-O 6.e4 d6 7.Ne2 Nc6 8.d5 Ne5
9.Qc2 exd5 10.cxd5 Bg4 11.f4 Nf3+ 12.Kf1 Nxd2+ 13.Nxd2 Bxe2+ 14.Kxe2 Re8
15.Kd1 Bxd2 16.Kxd2 Qa5+ 17.Kc1 Re7 18.e5 Rae8 19.Rd1 dxe5 20.d6 Rd7 21.Bh3 Rdd8
22.d7 Re7 23.Qe2 e4 24.b3 Qc3+ 25.Kb1 g6 26.Rc1 Qa5 27.Rc4 Nxd7 28.Rxe4 Rxe4
29.Qxe4 Nf6 30.Qf3 Qe1+  0-1

[Event "Arnold Cup"]
[Site "Gausdal"]
[Date "1987.??.??"]
[Round "?"]
[White "Flear, Glenn C"]
[Black "Mokry, Karel"]
[Result "1/2-1/2"]
[WhiteElo "2495"]
[BlackElo "2485"]

1.d4 Nf6 2.c4 e6 3.g3 Bb4+ 4.Bd2 c5 5.Bxb4 cxb4 6.Bg2 O-O 7.Nf3 d6 8.O-O Qe7
9.a3 bxa3 10.Rxa3 e5 11.Nbd2 Nc6 12.d5 Nb4 13.Ne1 Bf5 14.e4 Bg4 15.Qb3 a5
16.Nc2 Nxc2 17.Qxc2 b6 18.Rfa1 Rac8 19.Qc3 Bd7 20.b4 a4 21.Qd3 b5 22.cxb5 Rb8
23.Qb1 Bxb5 24.Bf1 Qa7 25.Bxb5 Rxb5 26.Rxa4 Qd4 27.Qe1 g6 28.Qe3 Qxe3 29.fxe3 Kg7
30.Rc1 Rfb8 31.Rc4 Ng4 32.Nf1 R8b7 33.h3 Nf6 34.Nd2 Nd7 35.Ra6 Rxb4 36.Rxb4 Rxb4
37.Rxd6 Nf6 38.Rc6 Nxe4 39.Nxe4 Rxe4 40.Kf2 Ra4 41.Kf3 g5 42.d6 Kf6 43.d7+ Ke7
44.Rd6 Kd8 45.Rf6 h5 46.Rxf7 e4+ 47.Kg2 Ra2+ 48.Kf1 Ra1+ 49.Kf2 Ra2+ 50.Kf1 Ra1+
51.Kf2  1/2-1/2

[Event "Bundesliga 8687"]
[Site "Germany"]
[Date "1987.??.??"]
[Round "?"]
[White "Pieper Emden, Carsten"]
[Black "Hecht, Hans Joachim"]
[Result "1/2-1/2"]
[WhiteElo "2335"]
[BlackElo "2450"]

1.d4 e6 2.c4 Nf6 3.g3 Bb4+ 4.Nd2 O-O 5.Bg2 d6 6.Nf3 Nc6 7.O-O Bxd2 8.Qxd2 e5
9.d5 Nb8 10.Ne1 a5 11.b3 Nbd7 12.Nd3 e4 13.Ne1 Re8 14.Nc2 Nc5 15.Bb2 Ng4
16.Bc3 b6 17.f3 exf3 18.exf3 Ne5 19.Nd4 Bd7 20.h3 Ng6 21.Rae1 Rxe1 22.Rxe1 Qf8
23.f4 Re8 24.f5 Rxe1+ 25.Qxe1 Ne5 26.Qe3 Qd8 27.g4 h6 28.Nf3 Nxf3+ 29.Bxf3 f6
30.Kf2 Kf8 31.Bd4 Qe7 32.Qxe7+ Kxe7 33.Ke3 Bc8 34.Be2 Nd7 35.Kf4 Ne5 36.h4 Nf7
37.a3 Bd7 38.Bc3 Bc8 39.Ke4 Bd7 40.Bd2 Bc8 41.Bf4 Ba6 42.Kd4 Bc8 43.Ke4 Ba6
44.b4 axb4 45.axb4 Ne5 46.Kd4 Nf7 47.Bd3 Ne5 48.Be2 Nf7 49.Bd1 Ne5 50.Be2  1/2-1/2

[Event "POL-chT"]
[Site "Jachranka"]
[Date "1987.??.??"]
[Round "5"]
[White "Jaworski, Miroslaw"]
[Black "Szalajdewicz, Janusz"]
[Result "1/2-1/2"]
[WhiteElo "2300"]
[BlackElo "2315"]

1.d4 Nf6 2.c4 e6 3.g3 Bb4+ 4.Bd2 Qe7 5.Bg2 Bxd2+ 6.Qxd2 d6 7.Nc3 O-O 8.Nf3 e5
9.O-O Nc6 10.d5 Nb8 11.e4 a5 12.Ne1 Na6 13.Nd3  1/2-1/2

[Event "Jurmala"]
[Site "Jurmala"]
[Date "1987.??.??"]
[Round "?"]
[White "Tal, Mihail"]
[Black "Gipslis, Aivars"]
[Result "1/2-1/2"]
[WhiteElo "2625"]
[BlackElo "2495"]

1.d4 Nf6 2.c4 e6 3.g3 Bb4+ 4.Bd2 Qe7 5.Bg2 Nc6 6.e3 Bxd2+ 7.Qxd2 e5 8.Ne2 d6
9.Nbc3 O-O 10.O-O Bg4 11.f3 Bd7 12.e4 Nxd4 13.Nxd4 exd4 14.Qxd4 c5 15.Qd3 Rad8  1/2-1/2